000 00681nam a2200289Ia 4500
005 20260324134848.0
008 008 260324s9999 xx 000 0 eng d
020 _a9781315810201
037 _aEBOOK
040 _aCRL
040 _beng
040 _cCRL
041 _2eng
041 _aeng
084 _qCRL
100 _aYaacov Shavit
_91198442
245 0 _aHistory in Black
245 0 _bAfrican-Americans in Search of an Ancient Past
260 _bTaylor and Francis
260 _c2001
365 _a
365 _b325
856 _uhttp://www.taylorfrancis.com/books/9781315810201
942 _cEBOOK
999 _c1798938
_d1798938